Alle Champions league Sieger nach Reihenfolge - Statistiken

Allgemein
  • Dieses Quiz wurde 104 mal gespielt
  • Das Durchschnittsergebnis liegt bei 16 aus 69
Antwortstatistiken
Jahr Sieger % Korrekt
2024 Real Madrid
94%
2023 Manchester City
87%
2022 Real Madrid
85%
2020 Bayern München
67%
2021 FC Chelsea
64%
2018 Real Madrid
64%
2017 Real Madrid
64%
2016 Real Madrid
64%
2014 Real Madrid
63%
2015 FC Barcelona
60%
2019 FC Liverpool
60%
2013 Bayern München
58%
2012 FC Chelsea
55%
2011 FC Barcelona
52%
2010 Inter Mailand
51%
2009 FC Barcelona
48%
2007 AC Mailand
42%
2006 FC Barcelona
42%
2008 Manchester United
40%
2001 Bayern München
31%
2004 FC Porto
30%
2002 Real Madrid
28%
1999 Manchester United
25%
1997 Borussia Dortmund
24%
2000 Real Madrid
22%
2003 AC Mailand
19%
1956 Real Madrid
19%
1996 Juventus Turin
18%
1995 Ajax Amsterdam
16%
1974 Bayern München
16%
1976 Bayern München
15%
1998 Real Madrid
15%
1975 Bayern München
13%
1960 Real Madrid
13%
1958 Real Madrid
13%
1957 Real Madrid
13%
1959 Real Madrid
12%
1994 AC Mailand
10%
1966 Real Madrid
9%
1992 FC Barcelona
7%
1973 Ajax Amsterdam
6%
1971 Ajax Amsterdam
6%
1991 Roter Stern Belgrad
6%
1990 AC Mailand
4%
1989 AC Mailand
4%
1972 Ajax Amsterdam
4%
1982 Aston Villa
4%
1983 Hamburger SV
4%
1980 Nottingham Forest
4%
1979 Nottingham Forest
4%
1962 Benfica Lissabon
3%
1961 Benfica Lissabon
3%
2005 FC Barcelona
3%
1984 FC Liverpool
3%
1981 FC Liverpool
3%
1987 FC Porto
3%
1986 Steaua Bukarest
3%
1978 FC Liverpool
1%
1965 Inter Mailand
1%
1985 Juventus Turin
1%
1993 Olympique Marseile
1%
1988 PSV Eindhoven
1%
1969 AC Mailand
0%
1963 AC Mailand
0%
1967 Celtic Glasgow
0%
1977 FC Liverpool
0%
1970 Feyenoord Rotterdam
0%
1964 Inter Mailand
0%
1968 Manchester United
0%
Keine übereinstimmenden Quizze gefunden
Verteilung der Resultate
Anzahl Personen mit jedem Resultat
Perzentil nach korrekt beantworteten Fragen
Ihre Resultats-Entwicklung
Sie haben dieses Quiz noch nicht gespielt